| 000 | 01606nam a22004337a 4500 | ||
|---|---|---|---|
| 003 | CHAP | ||
| 005 | 20220329143218.0 | ||
| 008 | 070309d2007 mx r 00110 spa d | ||
| 010 | _a93379 | ||
| 011 | _a94351 | ||
| 035 | _a104939 | ||
| 040 | _cCHAP | ||
| 090 | _aTesis | ||
| 100 | 1 |
_aMorales Villalba, Emilio _978444 |
|
| 245 | 1 | 0 |
_aMaquinado de la madera de Pinus oaxacana, Mirov. proveniente de plantaciones _c/por Emilio Morales Villalba |
| 260 |
_aChapingo, Méx. : _bEl autor, _c2007. |
||
| 300 |
_a65 h. : _bilus.; gráfs.; cuadros. |
||
| 502 | _aTesis (Ing. Forestal Insdustrial) - - UACH. División de Ciencias Forestales | ||
| 530 | _aTambién disponible en línea | ||
| 590 |
_aALEPH _b10 _c20130110 _lUCH01 _h1517 |
||
| 590 |
_aBATCH-UPD _b10 _c20130110 _lUCH01 _h0744 |
||
| 590 |
_aBATCH-UPD _b10 _c20130410 _lUCH01 _h0425 |
||
| 590 |
_aBATCH-UPD _b10 _c20130914 _lUCH01 _h1738 |
||
| 590 |
_aBATCH-UPD _b10 _c20140324 _lUCH01 _h1502 |
||
| 590 |
_aBATCH-UPD _b10 _c20141002 _lUCH01 _h0833 |
||
| 590 |
_aCONVERSION _b10 _c20130109 _lUCH01 _h1352 |
||
| 650 | 1 | 4 |
_aMadera _xAnálisis. _969595 |
| 650 | 1 | 4 |
_aMadera _xDefectos. _969600 |
| 650 | 1 | 4 |
_aMadera _xNormas de calidad. _969614 |
| 650 | 1 | 4 |
_aMadera _xPropiedades y usos. _969621 |
| 650 | 1 | 4 |
_aMadera _xSubproductos. _969627 |
| 650 | 1 | 4 |
_aPináceas _xOaxaca. _988256 |
| 856 |
_3Finding aid _uhttp://10.13.5.2/tesis/104939.pdf _zTeclea aqui |
||
| 901 | _aBK | ||
| 905 | _aElisama A. H. | ||
| 942 | _cFOLL | ||
| 949 |
_aTesis _bBC _cTES _d33724002018488 _eTS2 _fc.2 _h46426 _i104939 _si |
||
| 949 |
_aTesis _bBC _cTES _d33724002018520 _eTS1 _h46425 _i104939 _sb |
||
| 999 |
_c93379 _d93379 |
||